| 000 | 01126nas a2200313 4500 | ||
|---|---|---|---|
| 001 | BR2011005039 | ||
| 003 | BR-BrBNA | ||
| 005 | 20231205115603.0 | ||
| 007 | ta | ||
| 008 | 230509b bl.|||p| |||| 00| 00por d | ||
| 040 |
_aBR-BrBNA _bpor _cBiblioteca Nacional de Agricultura |
||
| 041 | _a(Pt) | ||
| 072 | _aH20 | ||
| 100 | 1 | _aSouza, J.I. de | |
| 100 | 1 | _aSchoenlein-Crusius, I.H. | |
| 100 | 1 | _aPires-Zottarelli, C.L.A. | |
| 100 | 1 | _aSchoenlein, N.C. | |
| 245 | 1 | _aBiossorção de cobre, manganês e cádmio por biomassas de Saprolegnia subterranea (Dissmann)R.L. Seym. e Pythium torulosum Coker P. Patt. (Oomycetes) | |
| 246 | 1 | _aCopper, manganese and cadmium biosorption by Saprolegnia subterranea (Dissmann)R.L. Seym. and Pythium torulosum Coker P. Patt. (Oomycetes)biomass | |
| 650 | _aFUNGO | ||
| 650 | _aMETAL PESADO | ||
| 650 | _aCOBRE | ||
| 650 | _aMANGANÊS | ||
| 650 | _aCÁDMIO | ||
| 650 | _aPOLUIÇÃO | ||
| 773 | 0 |
_tActa Botanica Brasilica (Brazil) _xISSN 0102-3306 _g(Jan-Mar 2008), v. 22(1) p. 217-223 _wBR2011005039 |
|
| 909 |
_a202311 _bLúcia _c55 _dLúcia Elande |
||
| 942 |
_2AGRIS _n0 _cANA |
||
| 999 |
_c214632 _d214632 |
||